000
00316nam a2200145Ia 4500
100
_a
Wisniewski/Steve
942
_c
BK
654
_a
Network Administration
245
_a
Network Administration
260
_b
Pearson Education
_c
2002
082
_a
621.38
_b
WIS
300
_a
606
546
_a
ENGLISH
999
_c
20677
_d
20677